| 000 | 00862cam a22002655a 4500 | ||
|---|---|---|---|
| 001 | 016932224 | ||
| 003 | OSt | ||
| 005 | 20151027145721.0 | ||
| 008 | 141028s2014 moua frd 001 0 eng d | ||
| 020 | _a9781455758302 (pbk.) | ||
| 040 |
_aStDuBDS _beng _cStDuBDS _dEG-ScBUE |
||
| 082 | 0 | 4 |
_a610.14 _222 _bCHA |
| 100 | 1 |
_aChabner, Davi-Ellen. _938586 |
|
| 245 | 1 | 0 |
_aMedical terminology : _ba short course / _cDavi-Ellen Chabner. |
| 250 | _a7th ed. | ||
| 260 |
_aMissouri : _bElsevier Saunders, _cc.2015. |
||
| 300 |
_axvii, 415 p. : _bill. (black and white, and colour) ; _c24 cm. |
||
| 500 | _aPrevious edition: St. Louis, Mo.: Elsevier Saunders, 2012. | ||
| 500 | _aIncludes glossaries. | ||
| 500 | _aIndex : p. 403-415. | ||
| 650 | 7 |
_aMedicine _vTerminology. _2BUEsh _923964 |
|
| 653 |
_bPPhrm _cOctober2015 |
||
| 655 |
_vReading book _934232 |
||
| 942 | _2ddc | ||
| 999 |
_c20995 _d20967 |
||